Η πολιτική ανάμεσα στο δυνητικό και το οικείο : παρεμβάσεις και αναθεωρήσεις
Αποθηκεύτηκε σε:
| Κύριος συγγραφέας: | |
|---|---|
| Μορφή: | Βιβλίο |
| Γλώσσα: | Greek |
| Δημοσίευση: |
Αθήνα :
Σιδέρης Ι.,
2010
|
| Θέματα: | |
| Ετικέτες: |
Προσθήκη ετικέτας
Δεν υπάρχουν, Καταχωρήστε ετικέτα πρώτοι!
|
MARC
| LEADER | 00000cam a2200000 i 4500 | ||
|---|---|---|---|
| 001 | 1/16137 | ||
| 008 | 111102s2010 gre d | ||
| 020 | |a 978-960-08-0548-2 | ||
| 035 | |l 10111247 | ||
| 040 | |a GR-MY-UA |b gre |e aacr | ||
| 041 | 0 | |a gre | |
| 082 | 0 | |a 320.509 |2 (22) | |
| 100 | 1 | |a Λάβδας, Κώστας Α., |d 1964- | |
| 245 | 1 | 2 | |a Η πολιτική ανάμεσα στο δυνητικό και το οικείο : |b παρεμβάσεις και αναθεωρήσεις / |c Κώστας Α. Λάβδας |
| 260 | |a Αθήνα : |b Σιδέρης Ι., |c 2010 | ||
| 300 | |a 190 σ.; |c 21 εκ. | ||
| 650 | 0 | 0 | |a Political science. |
| 650 | 0 | 0 | |a Political culture. |
| 650 | 0 | 0 | |a Ideology |x Social aspects. |
| 650 | 0 | 0 | |a World politics. |
| 852 | |a INST |b RHODES |e 20111102 |h 320.509 ΛΑΒ |p 005400033775 |q 005400033775 |t BK |y 0 | ||
| 901 | |a BIBL4-2011-3 | ||
| 909 | |a Ρ |b 170414 | ||
| 922 | |a 4ΕΛΗ | ||
| 970 | |z 2011/11/02 | ||